000 003200000a22001450004500
003 MACL
040 _aMACL
090 _c33939
_d33937
100 _aharao' Shelley
245 _aMicrosoft Windows XP Home Edition
260 _bTechmedia
_c2002
350 _a60
650 _aComputer probraming
942 _cBOOK
_k005/Har
999 _c33583
_d33583